| 000 | 00502nam a2200193Ia 4500 | ||
|---|---|---|---|
| 003 | GCL | ||
| 008 | 140319s9999 xx 000 0 eng d | ||
| 020 | _a0340505737 | ||
| 040 |
_aGCL / _cGCL |
||
| 082 | 0 | 4 |
_a823 _bC R |
| 100 | 1 | _aLE CARRE, JOHN | |
| 245 | 1 | 0 |
_aTHE RUSSIA HOUSE / _cLE CARRE, JOHN |
| 260 |
_aانجلترا : _bHODDER AND STOUGHTON ، _c1989 |
||
| 300 |
_a24 CM ؛ _c344 P |
||
| 650 | 0 | 4 | _aENGLISH LITERATURE |
| 650 | 0 | 4 | _aLITERATURE |
| 650 | 0 | 4 | _aENGLISH FICTION |
| 942 |
_2ddc _cBK |
||
| 999 |
_c8043 _d8043 |
||